Statistics for Rejoni d'Italia

Click here to take the quiz!

General Stats

  • This quiz has been taken 150 times
    (24 since last reset)
  • The average score is 13 of 20

Answers on the Map

Answers color-coded by a green-red scale on the quiz's map according to % correct below.
 

Answer Stats

CavedaliRejoni% Correct
VeneçiaVèneto
100%
TriesteFriul-Veneçia Julia
90%
AnconaMarche
85%
CàjariSardegna
80%
PalermoSicilia
80%
TrentoTrentin-Sud Tirol
80%
BolognaEmilia-Romagna
75%
CanpobassoMolise
75%
FirençeToscana
75%
AostaVale d'Aosta
75%
RomaLaçio
70%
TurinPiemonte
70%
CatanzaroCalabria
65%
ZènoaLiguria
65%
L'ÀcuilaAbruço
45%
BariPuja
40%
NàpuliCanpania
30%
MilanLonbardìa
30%
PerusaUnbria
30%
PotençaBasilegada
25%

Score Distribution

Percentile by Number Answered

Percent of People with Each Score

Your Score History

You have not taken this quiz since the last reset